ბათუმის შოთა რუსთაველის სახელმწიფო უნივერსიტეტის ბიბლიოთეკა

თხზულებანი (ბიბ.ჩანაწერი № 48624)

000 -LEADER
fixed length control field 00623nam a2200217Ia 4500
001 - CONTROL NUMBER
control field 15524
003 - CONTROL NUMBER IDENTIFIER
control field GE_BSU
008 - FIXED-LENGTH DATA ELEMENTS--GENERAL INFORMATION
fixed length control field 181216s||||||||xx |||||||||||||| ||und||
040 ## - CATALOGING SOURCE
Transcribing agency GE_BSU
080 ## - UNIVERSAL DECIMAL CLASSIFICATION NUMBER
Universal Decimal Classification number 821.353.1-32
100 ## - MAIN ENTRY--PERSONAL NAME
Personal name ჩხიკვაძე,პანტელეიმონ
245 ## - TITLE STATEMENT
Title თხზულებანი
245 ## - TITLE STATEMENT
Remainder of title მოთხრობები
245 ## - TITLE STATEMENT
Statement of responsibility, etc. რედ.შ.რადიანი
260 ## - PUBLICATION, DISTRIBUTION, ETC.
Place of publication, distribution, etc. ტფილისი
260 ## - PUBLICATION, DISTRIBUTION, ETC.
Name of publisher, distributor, etc. ფედერაცია
260 ## - PUBLICATION, DISTRIBUTION, ETC.
Date of publication, distribution, etc. 1938
300 ## - PHYSICAL DESCRIPTION
Extent 327გვ.23სმ.
653 ## - INDEX TERM--UNCONTROLLED
Uncontrolled term თხზულებანი
942 ## - ADDED ENTRY ELEMENTS (KOHA)
Koha item type წიგნი
ეგზემპლარები
Withdrawn status Lost status Damaged status Not for loan Date acquired Barcode Date last seen Price effective from Koha item type Public note
        2018-12-17 38506 2018-12-17 2018-12-17 წიგნი  
        2018-12-17 38507 2018-12-17 2018-12-17 წიგნი  
        2018-12-17 38508 2018-12-17 2018-12-17 წიგნი  
        2018-12-17 38509 2018-12-17 2018-12-17 წიგნი  
        2018-12-17 38510 2018-12-17 2018-12-17 წიგნი  
        2018-12-17 38511 2018-12-17 2018-12-17 წიგნი  
        2018-12-17 38512 2018-12-17 2018-12-17 წიგნი  
        2018-12-17 38513 2018-12-17 2018-12-17 წიგნი  
        2018-12-17 38514 2018-12-17 2018-12-17 წიგნი  
        2018-12-17 38515 2018-12-17 2018-12-17 წიგნი  
        2018-12-17 38516 2018-12-17 2018-12-17 წიგნი 8ლ.
        2018-12-17 38517 2018-12-17 2018-12-17 წიგნი  
        2018-12-17 38518 2018-12-17 2018-12-17 წიგნი